| 000 | 01834cam a2200361 a 4500 | ||
|---|---|---|---|
| 001 | 2648 | ||
| 003 | FISKH | ||
| 005 | 20240108143756.0 | ||
| 008 | 060530s2007 dcua b 001 0 eng | ||
| 010 | _a 2006017695 | ||
| 020 | _a9781601270009 (pbk. : alk. paper) | ||
| 020 | _a9781601270009 | ||
| 020 | _a1601270003 (pbk. : alk. paper) | ||
| 020 | _a9781601270016 (hard cover : alk. paper) | ||
| 020 | _a1601270011 (hard cover : alk. paper) | ||
| 040 |
_aDLC _cDLC _dDLC _beng |
||
| 042 | _apcc | ||
| 050 | 0 | 0 |
_aJZ6374 _b.G85 2007 |
| 082 | 0 | 0 |
_a341.5/84 _222 |
| 100 | _aPerito, Robert M. | ||
| 245 | 0 | 0 |
_aGuide for participants in peace, stability, and relief operations / _cedited by Robert Perito. |
| 260 |
_aWashington, D.C. : _bUnited States Institute of Peace Press, _c2007 |
||
| 300 |
_a379 pages : _c21 cm |
||
| 504 | _aIncludes bibliographical references (p. 313-325) and index. | ||
| 505 | 0 | _aInternational organizations : profiles of major international organizations -- Nongovernmental organizations -- Civilian agencies of the U.S. government -- The United States military : the United States military in relief and stability operations. | |
| 520 | _a"The Guide is based on experience gained in Afghanistan, Iraq and many other operations. It will help those in the field to quickly understand their environment, counterparts, and challenges. The Guide updates the Institute's successful Guide to IGOs, NGOs and the Military in Peace and Relief Operations. It combines the knowledge and perspectives of many contributing organizations."--BOOK JACKET. | ||
| 650 | 0 | _aPeacekeeping forces. | |
| 650 | 0 |
_aDisaster relief _xInternational cooperation. |
|
| 650 | 0 | _aInternational cooperation. | |
| 700 | 1 |
_aPerito, Robert, _d1942- |
|
| 906 |
_a7 _bcbc _corignew _d1 _eecip _f20 _gy-gencatlg |
||
| 942 |
_2ddc _cBK _n0 |
||
| 999 |
_c2648 _d2648 |
||